=LDR 00000nam 2200000 4500 =001 INLIS000000000037517 =005 20160218165321.0 =006 =007 =008 Ind =035 ##$$0010-061300000037517 =041 ##$$a Ind =082 ##$$a 028.5 =090 ##$$a 028.5, Jon h =100 ##$$a Jong-Kwan Park =245 ##$$a Helen keller, Jong-Kwan Park; Penerjemah, Marin Tanang =260 ##$$a 2010 $b Jakarta =300 ##$$a 160 hlmIlus, 24 cm =650 ##$$a Bacaan Kanak - Kanak =700 ##$$a Tanang, Morin =850 ##$$a NBPNMAT =990 ##$$a 0001/BPAP-NTB/20142015